Economia/ (Registro nro. 7896)

Detalles MARC
000 -LEADER
fixed length control field 00747nam a2200205Ia 4500
005 - FECHA Y HORA DE LA ÚLTIMA TRANSACCIÓN
control field 20230422080853.0
008 - FIXED-LENGTH DATA ELEMENTS--GENERAL INFORMATION
fixed length control field 230420s9999 xx 000 0 und d
020 ## - INTERNATIONAL STANDARD BOOK NUMBER
International Standard Book Number 8436214072
040 ## - CATALOGING SOURCE
Original cataloging agency UPAN
Transcribing agency Biblioteca San Vicente
Description conventions RCAA2
041 ## - LANGUAGE CODE
Language code of text/sound track or separate title Spa
082 ## - DEWEY DECIMAL CLASSIFICATION NUMBER
Edition number 330
Classification number S547e
100 ## - MAIN ENTRY--PERSONAL NAME
Personal name De la Sierra Andres D. Fermin
Relator code aut.
245 #0 - TITLE STATEMENT
Title Economia/
Remainder of title D. Fermin de la Sierra Andres
260 ## - PUBLICATION, DISTRIBUTION, ETC. (IMPRINT)
Place of publication, distribution, etc Madrid:
Name of publisher, distributor, etc UNED,
Date of publication, distribution, etc 1982
300 ## - PHYSICAL DESCRIPTION
Extent 420 P.:
Dimensions 24 cm.
505 ## - FORMATTED CONTENTS NOTE
Formatted contents note TEMA I. PRODUCTO NACIONAL Y RENTA NACIONAL<br/>TEMA II. PRODUCTO NACIONAL Y RENTA NACIONAL(II)<br/>TEMA III. LOS FACTORES REALES Y EL NIVEL DE PRODUCCION DE UNA ECONOMIA<br/>TEMA IV. LA POBLACION
650 ## - SUBJECT ADDED ENTRY--TOPICAL TERM
Source of heading or term LEMB
Topical term or geographic name as entry element Economia
700 ## - ADDED ENTRY--PERSONAL NAME
Relator code Andres Sierra, D. Fermin
Personal name aut.
942 ## - ADDED ENTRY ELEMENTS (KOHA)
Koha item type Libros
Source of classification or shelving scheme Dewey Decimal Classification
Existencias
Withdrawn status Lost status Source of classification or shelving scheme Damaged status Not for loan Collection code Home library Current library Date acquired Total Checkouts Full call number Barcode Date last seen Price effective from Koha item type
    Dewey Decimal Classification     Colección General Biblioteca UPAN San Vicente Biblioteca UPAN San Vicente 20/04/2023   S547e 12000373 20/04/2023 20/04/2023 Libros
    Dewey Decimal Classification     Colección General Biblioteca UPAN San Vicente Biblioteca UPAN San Vicente 20/04/2023   S547e 12000372 22/04/2023 20/04/2023 Libros